Motivácia v procese nepretržitých zmien
Pokračovanie príspevku z predchádzajúceho čísla. Motivačné faktory podporujúce výkonnosť zamestnancov. Zdroje pracovnej motivácie. Vzdelávanie zamestanancov. Práca s talentmi. Vnímanie zamestanca manažmentom.
Enregistré dans:
| Auteur principal: | |
|---|---|
| Format: | Chapitre de livre |
| Langue: | slovaque |
| Sujets: | |
| Tags: |
Pas de tags, Soyez le premier à ajouter un tag!
|
MARC
| LEADER | 00000naa$a2200000$$$4500 | ||
|---|---|---|---|
| 001 | 0097431 | ||
| 005 | 20240502072058.4 | ||
| 041 | 0 | |a slo | |
| 044 | |a SK | ||
| 245 | 1 | 0 | |a Motivácia v procese nepretržitých zmien |c Marta Matulčíková |
| 520 | |a Pokračovanie príspevku z predchádzajúceho čísla. Motivačné faktory podporujúce výkonnosť zamestnancov. Zdroje pracovnej motivácie. Vzdelávanie zamestanancov. Práca s talentmi. Vnímanie zamestanca manažmentom. | ||
| 610 | 2 | 0 | |a motivácia pracovná |
| 610 | 2 | 0 | |a výkonnosť |
| 610 | 2 | 0 | |a zamestnanci |
| 610 | 2 | 0 | |a imidž |
| 610 | 2 | 0 | |a manažment personálny |
| 610 | 2 | 0 | |a odmeňovanie |
| 100 | 1 | |a Matulčíková, Marta, 1964- | |